Guess the Taylor Swift Song with no hints - #4 - Statistics

General Stats
  • This quiz has been taken 53 times
  • The average score is 222 of 282
Answer Stats
answers % Correct
a
100%
I
100%
You
100%
you
100%
me
97%
when
97%
your
97%
And
95%
the
95%
to
95%
be
92%
my
92%
she
92%
that
92%
was
92%
Was
92%
is
89%
It
89%
it
89%
we
89%
who
89%
do
87%
for
87%
have
87%
On
87%
on
87%
said
87%
say
87%
So
87%
Don't
84%
don't
84%
I'll
84%
Now
84%
of
84%
(of
84%
talk
84%
want
84%
were
84%
what
84%
What
84%
you're
84%
ever
82%
friend
82%
know
82%
like
82%
men
82%
never,
82%
with
82%
With
82%
best
79%
get
79%
it's
79%
just
79%
Just
79%
off
79%
(off
79%
But
76%
I'd
76%
though
76%
you'd
76%
had
74%
how
74%
this
74%
am
71%
been
71%
call
71%
Did
71%
friends
71%
from
71%
think
71%
can't
68%
has
68%
mega
68%
mom,
68%
more
68%
Or
68%
tell
68%
thoughts
68%
went
68%
chest
66%
chest)
66%
didn't
66%
got
66%
guess
66%
Guess
66%
heard
66%
important
66%
lost
66%
lost)
66%
price
66%
way
66%
back
63%
cost
63%
everybody
63%
home?
63%
part
63%
party
63%
pretend
63%
Red
63%
better
61%
even
61%
gave,
61%
less
61%
long
61%
myself
61%
only
61%
pay
61%
rock
61%
started
61%
acid
58%
cannot
58%
Remind
58%
yacht
58%
crowd
55%
looks
55%
chasing
53%
Sea
53%
anxious
50%
dignity
50%
left
50%
left)
50%
maybe
50%
miss
50%
new
50%
outside
50%
change
47%
grew
47%
mystery
47%
old
47%
turn
47%
faded
45%
hair
45%
into
45%
Truth
45%
ways
45%
weekends
45%
icons
42%
'til
42%
('til
42%
tryin'
42%
lives
39%
dinners,
37%
Platonic,
37%
Shared
37%
ended
34%
shrouded
34%
No matching quizzes found
Score Distribution
Percent of People with Each Score
Percentile by Number Answered
Your Score History
You have not taken this quiz